| 000 | 00000nam##2200000za#4500 |
| 001 | 9.700240 |
| 003 | CaOODSP |
| 005 | 20220818080151 |
| 007 | cr ||||||||||| |
| 008 | 150407|2013||||xxc|||||o f|0| 0 eng|d |
| 040 | |aCaOODSP|beng |
| 043 | |an-cn--- |
| 086 | 1 |aIP54-60/2013E-PDF |
| 110 | 2 |aOffice of the Privacy Commissioner of Canada. |
| 245 | 10|aDrones in Canada : |h[electronic resource]|bwill the proliferation of domestic drone use in Canada raise new concerns for privacy? / |cprepared by the Research Group of the Office of the Privacy Commission of Canada. |
| 260 | |aOttawa - Ontario : |bOffice of the Privacy Commissioner of Canada |cMarch 2013. |
| 300 | |a23p.|bgraphs, references |
| 590 | |a15-03|b2015-01-16 |
| 690 | 07|aPrivacy|2gcpds |
| 775 | 08|tLes véhicules aériens sans pilote au Canada : |w(CaOODSP)9.644134 |
| 856 | 40|ahttp://publications.gc.ca|qPDF|s532 KB|uhttps://publications.gc.ca/collections/collection_2015/priv/IP54-60-2013-eng.pdf |